|
|
|
|
| LEADER |
00000nam a2200000 a 4500 |
| 001 |
vtls001430469 |
| 003 |
SK-MaSNL |
| 005 |
20260405142307.0 |
| 008 |
251124s2000 xr a ra 0 cze |
| 020 |
|
|
|a 8086196216
|
| 035 |
|
|
|a SNK000385496
|
| 040 |
|
|
|a SNK
|b slo
|c SNK
|e AACR2
|
| 044 |
|
|
|a xr
|c CZ
|
| 080 |
|
|
|a 885.0-31
|2 1981
|
| 100 |
1 |
|
|a Pelantová, Eva,
|d 1955-
|4 aut
|9 87427
|
| 245 |
1 |
|
|a Ranč U Zelené sedmy
|n 2
|c Eva a Ivo Pelantovi ; [foto Olga Svobodová, Václav Beneš, Dušan Tománek]
|
| 260 |
|
|
|a V Praze
|b Česká televize [etc.]
|c c2000
|e Martin
|f Neografia
|
| 300 |
|
|
|a 261 s.
|b fareb. fotogr.
|c 16x22 cm
|
| 650 |
0 |
7 |
|a české romány
|2 SNK
|9 99282
|
| 700 |
1 |
|
|a Pelant, Ivo,
|d 1953-
|4 aut
|9 1636172
|
| 700 |
1 |
|
|a Svobodová, Olga
|4 fot
|9 574216
|
| 700 |
1 |
|
|a Beneš, Václav
|4 fot
|9 5719
|
| 700 |
1 |
|
|a Tománek, Dušan
|4 fot
|9 585122
|
| 919 |
|
|
|a 80-86196-21-6
|
| 999 |
|
|
|c 899882
|d 901812
|
| 952 |
|
|
|t P60, <03>, [BOOK], {603}
|a SNK
|b SNK
|y PREZ
|7 0
|p 17A0334389
|o snkSD 72025/2
|i snkKSP 2593/2002
|0 0
|1 0
|4 0
|d 2002-03-07
|l 0
|r 2005-01-02 00:00:00
|w 2026-02-24
|